| 000 | 00752nam a2200181 i 4500 | ||
|---|---|---|---|
| 001 | 79746 | ||
| 003 | ES-MaACL | ||
| 005 | 20230906174037.0 | ||
| 007 | t| | ||
| 008 | 041022s1951 sp ||||1| spa d | ||
| 245 | 0 | 3 |
_aUn héroe dominico montañés en Filipinas / _cdocumentos inéditos del siglo XVII, preparados, con introducción y notas por Honorio Muñoz. |
| 260 |
_aSantander : _bConsejo Superior de Investigaciones Científicas, Centro de Estudios Montañeses : _bCantabria, _c[1951] |
||
| 300 |
_aXVIII, 132 p., 4 lám. ; _c22 cm. |
||
| 700 | 1 |
_aMuñoz, Honorio. _984312 |
|
| 710 | 2 |
_aCentro de Estudios Montañeses. _92659 |
|
| 710 | 2 |
_aConsejo Superior de Investigaciones Científicas (España) _93236 |
|
| 852 |
_aES-MaACL _jD-8069 _bR.31651 |
||
| 999 |
_c79746 _d79746 |
||